Daily Buddhist devotions / (Record no. 4192)
[ view plain ]
| 000 -LEADER | |
|---|---|
| fixed length control field | 00549nam a2200169 4500 |
| 001 - CONTROL NUMBER | |
| control field | 5021 |
| 005 - DATE AND TIME OF LATEST TRANSACTION | |
| control field | 20181127174619.0 |
| 020 00 - INTERNATIONAL STANDARD BOOK NUMBER | |
| International Standard Book Number | 9679920542 |
| 090 00 - LOCALLY ASSIGNED LC-TYPE CALL NUMBER (OCLC); LOCAL CALL NUMBER (RLIN) | |
| Classification number (OCLC) (R) ; Classification number, CALL (RLIN) (NR) | 248.3 D5333d 1993 |
| 100 00 - MAIN ENTRY--PERSONAL NAME | |
| Personal name | Dhammananda, Venerable K Sri. |
| 245 00 - TITLE STATEMENT | |
| Title | Daily Buddhist devotions / |
| Remainder of title | |
| Statement of responsibility, etc. | Venerable K Sri Dhammananda. |
| Medium | |
| 260 00 - PUBLICATION, DISTRIBUTION, ETC. | |
| Place of publication, distribution, etc. | Taiwan : |
| Name of publisher, distributor, etc. | The Corporate Body of the Buddha Educational Foundation, |
| Date of publication, distribution, etc. | 1993. |
| 300 00 - PHYSICAL DESCRIPTION | |
| Extent | 220 p. ; 19 cm. |
| 650 ## - SUBJECT ADDED ENTRY--TOPICAL TERM | |
| Topical term or geographic name entry element | Meditation -- Buddhism. |
| Form subdivision | |
| General subdivision | |
| Chronological subdivision | |
| Geographic subdivision | |
| Source of heading or term | |
| Topical term or geographic name entry element | Buddhism --Prayers and devotions. |
| General subdivision | |
| Withdrawn status | Lost status | Source of classification or shelving scheme | Damaged status | Not for loan | Collection code | Home library | Current library | Shelving location | Date acquired | Serial Enumeration / chronology | Inventory number | Total Checkouts | Full call number | Barcode | Date last seen | Date last checked out | Price effective from | Koha item type |
|---|---|---|---|---|---|---|---|---|---|---|---|---|---|---|---|---|---|---|
| Dewey Decimal Classification | Main TEST | RTC Library | RTC Library | Main opac | 02/08/2024 | 8216 | 1 | 248.3 DHA | 30008291 | 12/08/2024 | 02/08/2024 | 27/11/2018 | Main |